Hydraulický výpočet funkčných objektov protipovodňových opatrení na Oľke

Salvato in:
Dettagli Bibliografici
Autore principale: Kupa, Ján (Autore)
Altri autori: Šoltész, Andrej (Relatore della tesi)
Natura: Manoscritto Libro
Lingua:slovacco
Pubblicazione: 2015
Soggetti:
Accesso online:http://is.stuba.sk/zp/portal_zp.pl?podrobnosti=99148
https://opac.crzp.sk/?fn=detailBiblioForm&sid=A1BE4CBC10A6410E28D4738DE444
Tags: Aggiungi Tag
Nessun Tag, puoi essere il primo ad aggiungerne!!

MARC

LEADER 00000ntm a22000003a 4500
001 stuzp51812
003 SK-STU
005 20230815112109.1
007 ta
008 150427s2015----xo-----f-mn---000-0-slo-d
040 |a STU  |b slo 
041 0 |a slo 
100 1 |a Kupa, Ján  |u 010170  |4 aut  |U SvF Stavebná fakulta  |T SvF Katedra hydrotechniky  |X 55077  |U V170  |Y 17  |7 55077 
242 0 1 |a Hydraulic calculation of functional objects flood control measures on the Oľka River  |y eng 
245 1 0 |a Hydraulický výpočet funkčných objektov protipovodňových opatrení na Oľke 
260 |c 2015 
650 4 |a bezpečnostný priepad  |2 slo 
650 4 |a hydraulický výpočet  |2 slo 
650 4 |a suchá nádrž  |2 slo 
650 4 |a povodňová vlna  |2 slo 
650 4 |a hydraulic calculation  |2 eng 
650 4 |a spillway  |2 eng 
650 4 |a flood wave  |2 eng 
650 4 |a detention reservoir  |2 eng 
700 1 |a Šoltész, Andrej  |4 ths  |X 645  |7 A000000645 
856 4 |u http://is.stuba.sk/zp/portal_zp.pl?podrobnosti=99148 
856 4 |u https://opac.crzp.sk/?fn=detailBiblioForm&sid=A1BE4CBC10A6410E28D4738DE444 
SQL |a stuzp51812  |b DBP  |c SLO  |d Hydraulický výpočet funkčných objektov protipovodňových opatrení na Oľke  |e 55077  |f Kupa, Ján  |g 010170  |h 645  |i Šoltész, Andrej  |j 20150622  |k 7  |l 01  |m http://is.stuba.sk/zp/portal_zp.pl?podrobnosti=99148  |n B-VSH  |o 5.1.6. vodné stavby, 6.4.1. vodné hospodárstvo